20 Largest Fast Food Chains Quiz Stats

 Plays Quiz Updated Mar 31, 2016

Also try: Fast Food Matchup
Challenge
Share
Tweet
Embed
Score 0/20 Timer 05:00
18 Plays Today
Rank Restaurant % Correct
2.McDonald's
99.5%
6.Burger King
95.8%
8.Wendy's
86.6%
1.Subway
80.6%
7.Taco Bell
80%
11.KFC
76%
5.Pizza Hut
68.5%
3.Starbucks
58.4%
15.Arby's
55.9%
9.Domino's Pizza
55.1%
Rank Restaurant % Correct
16.Carl's Jr/Hardee's
50.8%
4.Dunkin' Donuts
45.3%
14.Papa John's
44.2%
13.Sonic Drive-In
37.8%
18.Popeyes Louisiana Chicken
35.7%
10.Dairy Queen
34.7%
19.Jack in the Box
33.6%
12.Little Caesars
24.4%
20.Jimmy John's
20.4%
17.Baskin-Robbins
12.4%

You're not logged in!

Compare scores with friends on all Sporcle quizzes.
OR
Log In

You Might Also Like...

Show Comments

Extras

Top Quizzes Today


Score Distribution

Your Account Isn't Verified!

In order to create a playlist on Sporcle, you need to verify the email address you used during registration. Go to your Sporcle Settings to finish the process.

Report this User

Report this user for behavior that violates our Community Guidelines.

Details: